[Event "DVM U16 2023"]
[Site "Magdeburg GER"]
[Date "2023.12.29"]
[Round "6"]
[White "Uhlmann, Tim"]
[Black "Seymer, Adam"]
[Result "1-0"]
[Termination "normal"]
[Board "5.3"]
[WhiteElo "1934"]
[BlackElo "1694"]
[WhiteClock "00:27:22"]
[BlackClock "00:01:52"]
[WhiteTeam "OSG Baden-Baden"]
[BlackTeam "SG Grün-Weiß Dresden"]
[PlyCount "75"]
[WhiteFideId "16239210"]
[BlackFideId "34651802"]
[EventCountry "GER"]
[EventRounds "7"]
[EventType "team-swiss"]
[EventDate "2023.12.26"]

1. e4 {[%clk 01:30:32]} {[%emt 00:00:27]} c5 {[%clk 01:30:50]} {[%emt
00:00:10]} 2. c4 {[%clk 01:30:58]} {[%emt 00:00:04]} Nc6 {[%clk 01:25:33]}
{[%emt 00:05:47]} 3. Nc3 {[%clk 01:31:00]} {[%emt 00:00:29]} g6 {[%clk
01:24:31]} {[%emt 00:01:31]} 4. g3 {[%clk 01:31:12]} {[%emt 00:00:18]} Bg7
{[%clk 01:24:08]} {[%emt 00:00:53]} 5. Bg2 {[%clk 01:31:33]} {[%emt 00:00:10]}
e5 {[%clk 01:16:51]} {[%emt 00:07:46]} 6. Nge2 {[%clk 01:31:06]} {[%emt
00:00:57]} Nge7 {[%clk 01:17:06]} {[%emt 00:00:15]} 7. O-O {[%clk 01:31:31]}
{[%emt 00:00:06]} O-O {[%clk 01:17:26]} {[%emt 00:00:10]} 8. d3 {[%clk
01:30:29]} {[%emt 00:01:32]} d6 {[%clk 01:16:59]} {[%emt 00:00:56]} 9. f4
{[%clk 01:29:33]} {[%emt 00:01:27]} f5 {[%clk 01:15:58]} {[%emt 00:01:30]} 10.
Nd5 {[%clk 01:28:40]} {[%emt 00:01:23]} Nxd5 {[%clk 01:10:36]} {[%emt
00:05:52]} 11. cxd5 {[%clk 01:28:51]} {[%emt 00:00:19]} Nd4 {[%clk 01:10:51]}
{[%emt 00:00:14]} 12. Nxd4 {[%clk 01:27:51]} {[%emt 00:01:31]} cxd4 {[%clk
01:08:04]} {[%emt 00:03:17]} 13. Qb3 {[%clk 01:27:24]} {[%emt 00:00:56]} Kh8
{[%clk 01:04:50]} {[%emt 00:03:44]} 14. Bd2 {[%clk 01:27:22]} {[%emt 00:00:32]}
b6 {[%clk 01:04:11]} {[%emt 00:01:09]} 15. Rac1 {[%clk 01:25:08]} {[%emt
00:02:43]} Bb7 {[%clk 01:04:29]} {[%emt 00:00:12]} 16. Qa3 {[%clk 01:21:51]}
{[%emt 00:03:46]} Qd7 {[%clk 01:02:02]} {[%emt 00:02:58]} 17. Rc2 {[%clk
01:19:44]} {[%emt 00:02:36]} Rac8 {[%clk 00:55:52]} {[%emt 00:06:41]} 18. Rfc1
{[%clk 01:16:54]} {[%emt 00:03:21]} Rxc2 {[%clk 00:56:04]} {[%emt 00:00:18]}
19. Rxc2 {[%clk 01:17:19]} {[%emt 00:00:05]} Rc8 {[%clk 00:56:25]} {[%emt
00:00:08]} 20. Rxc8+ {[%clk 01:17:16]} {[%emt 00:00:33]} Bxc8 {[%clk 00:56:47]}
{[%emt 00:00:07]} 21. Bb4 {[%clk 01:12:23]} {[%emt 00:05:22]} Qc7 {[%clk
00:46:01]} {[%emt 00:11:16]} 22. h3 {[%clk 01:07:05]} {[%emt 00:05:48]} Qc1+
{[%clk 00:31:37]} {[%emt 00:14:54]} 23. Kh2 {[%clk 01:06:29]} {[%emt 00:01:06]}
exf4 {[%clk 00:30:34]} {[%emt 00:01:34]} 24. Bxd6 {[%clk 01:06:42]} {[%emt
00:00:17]} fxg3+ {[%clk 00:19:46]} {[%emt 00:11:18]} 25. Bxg3 {[%clk 00:59:59]}
{[%emt 00:07:13]} f4 {[%clk 00:18:22]} {[%emt 00:01:54]} 26. Bh4 {[%clk
00:50:54]} {[%emt 00:38:33]} f3 {[%clk 00:04:30]} 27. Qd6 {[%clk 00:49:39]} h6
{[%clk 00:04:26]} 28. Bxf3 {[%clk 00:44:32]} Qxb2+ {[%clk 00:02:52]} 29. Bg2
{[%clk 00:44:22]} Kh7 {[%clk 00:02:45]} 30. Qe7 {[%clk 00:36:11]} {[%emt
00:05:21]} g5 {[%clk 00:01:03]} {[%emt 00:02:13]} 31. Bg3 {[%clk 00:35:14]}
{[%emt 00:01:26]} Qb5 {[%clk 00:01:31]} {[%emt 00:00:02]} 32. Qxa7 {[%clk
00:32:53]} {[%emt 00:02:51]} Qe8 {[%clk 00:01:28]} {[%emt 00:00:33]} 33. Qc7
{[%clk 00:31:18]} {[%emt 00:02:04]} g4 {[%clk 00:01:12]} {[%emt 00:00:48]} 34.
h4 {[%clk 00:31:00]} {[%emt 00:00:48]} Ba6 {[%clk 00:01:15]} {[%emt 00:00:27]}
35. d6 {[%clk 00:27:59]} {[%emt 00:03:31]} Bb5 {[%clk 00:01:08]} {[%emt
00:00:36]} 36. e5 {[%clk 00:26:41]} {[%emt 00:01:48]} Kh8 {[%clk 00:01:36]}
{[%emt 00:00:03]} 37. Be4 {[%clk 00:26:58]} {[%emt 00:00:12]} Bxe5 {[%clk
00:01:52]} {[%emt 00:00:14]} 38. Qh7# {[%clk 00:27:22]} {[%emt 00:00:06]} 1-0

[Event "DVM U16 2023"]
[Site "Magdeburg GER"]
[Date "2023.12.29"]
[Round "6"]
[White "Koltyhin, Heorhii"]
[Black "Neves, Carlos"]
[Result "1-0"]
[Termination "normal"]
[Board "5.4"]
[WhiteElo "1502"]
[BlackElo "1721"]
[WhiteClock "01:19:59"]
[BlackClock "00:55:23"]
[WhiteTeam "SG Grün-Weiß Dresden"]
[BlackTeam "OSG Baden-Baden"]
[PlyCount "32"]
[WhiteFideId "34127780"]
[BlackFideId "16258320"]
[EventCountry "GER"]
[EventRounds "7"]
[EventType "team-swiss"]
[EventDate "2023.12.26"]

1. e4 {[%clk 01:30:52]} {[%emt 00:00:06]} c5 {[%clk 01:30:51]} {[%emt
00:00:10]} 2. b4 {[%clk 01:30:45]} {[%emt 00:00:38]} e5 {[%clk 01:20:44]}
{[%emt 00:10:38]} 3. Nf3 {[%clk 01:30:19]} {[%emt 00:00:55]} Nc6 {[%clk
01:19:49]} {[%emt 00:01:25]} 4. bxc5 {[%clk 01:28:37]} {[%emt 00:02:11]} Bxc5
{[%clk 01:19:43]} {[%emt 00:00:37]} 5. Bc4 {[%clk 01:28:27]} {[%emt 00:00:38]}
Nf6 {[%clk 01:19:35]} {[%emt 00:00:39]} 6. Nc3 {[%clk 01:28:36]} {[%emt
00:00:21]} O-O {[%clk 01:19:26]} {[%emt 00:00:40]} 7. O-O {[%clk 01:28:57]}
{[%emt 00:00:08]} d6 {[%clk 01:19:13]} {[%emt 00:00:44]} 8. h3 {[%clk
01:29:12]} {[%emt 00:00:15]} Nd4 {[%clk 01:14:02]} {[%emt 00:05:41]} 9. d3
{[%clk 01:26:29]} {[%emt 00:03:12]} h6 {[%clk 01:11:43]} {[%emt 00:02:50]} 10.
Be3 {[%clk 01:24:05]} {[%emt 00:02:53]} Be6 {[%clk 01:10:43]} {[%emt 00:01:31]}
11. Bb3 {[%clk 01:24:19]} {[%emt 00:00:15]} Qd7 {[%clk 01:08:00]} {[%emt
00:03:14]} 12. Nd5 {[%clk 01:22:39]} {[%emt 00:02:10]} Nxd5 {[%clk 00:59:29]}
{[%emt 00:09:02]} 13. Bxd5 {[%clk 01:21:37]} {[%emt 00:01:32]} Rac8 {[%clk
00:57:57]} {[%emt 00:02:02]} 14. Bxd4 {[%clk 01:20:56]} {[%emt 00:01:11]} Bxd5
{[%clk 00:56:40]} {[%emt 00:01:44]} 15. Bxc5 {[%clk 01:19:36]} {[%emt
00:01:52]} Rxc5 {[%clk 00:56:27]} {[%emt 00:00:43]} 16. exd5 {[%clk 01:19:59]}
{[%emt 00:00:07]} Rxd5 {[%clk 00:55:23]} {[%emt 00:01:34]} 1-0

[Event "DVM U16 2023"]
[Site "Magdeburg GER"]
[Date "2023.12.29"]
[Round "6"]
[White "Trunz, Michelle"]
[Black "Korchynskyi, Mykola"]
[Result "0-1"]
[Termination "normal"]
[Board "6.1"]
[WhiteElo "2024"]
[BlackElo "2196"]
[WhiteClock "00:08:05"]
[BlackClock "01:11:57"]
[WhiteTeam "SG Porz"]
[BlackTeam "SF Essen-Katernberg 04/32"]
[PlyCount "98"]
[WhiteFideId "16227980"]
[BlackFideId "34138005"]
[EventCountry "GER"]
[EventRounds "7"]
[EventType "team-swiss"]
[EventDate "2023.12.26"]

1. d4 {[%clk 01:30:58]} {[%emt 00:00:01]} d5 {[%clk 01:30:53]} {[%emt
00:00:07]} 2. c4 {[%clk 01:31:24]} {[%emt 00:00:04]} e6 {[%clk 01:31:20]}
{[%emt 00:00:05]} 3. Nc3 {[%clk 01:31:50]} {[%emt 00:00:03]} Nf6 {[%clk
01:31:45]} {[%emt 00:00:05]} 4. Bg5 {[%clk 01:32:14]} {[%emt 00:00:06]} Be7
{[%clk 01:32:10]} {[%emt 00:00:04]} 5. e3 {[%clk 01:32:39]} {[%emt 00:00:07]}
h6 {[%clk 01:32:32]} {[%emt 00:00:07]} 6. Bh4 {[%clk 01:33:00]} {[%emt
00:00:08]} O-O {[%clk 01:32:57]} {[%emt 00:00:04]} 7. Nf3 {[%clk 01:33:20]}
{[%emt 00:00:11]} b6 {[%clk 01:33:18]} {[%emt 00:00:10]} 8. Bd3 {[%clk
01:32:31]} {[%emt 00:01:19]} dxc4 {[%clk 01:33:41]} {[%emt 00:00:07]} 9. Bxc4
{[%clk 01:32:57]} {[%emt 00:00:04]} Bb7 {[%clk 01:34:06]} {[%emt 00:00:05]} 10.
O-O {[%clk 01:33:15]} {[%emt 00:00:12]} Ne4 {[%clk 01:33:24]} {[%emt 00:01:12]}
11. Bxe7 {[%clk 01:31:43]} {[%emt 00:02:02]} Qxe7 {[%clk 01:33:34]} {[%emt
00:00:20]} 12. Rc1 {[%clk 01:29:52]} {[%emt 00:02:21]} Rd8 {[%clk 01:24:50]}
{[%emt 00:09:13]} 13. Bd3 {[%clk 01:22:41]} {[%emt 00:07:41]} Nxc3 {[%clk
01:22:07]} {[%emt 00:03:13]} 14. Rxc3 {[%clk 01:23:04]} {[%emt 00:00:07]} c5
{[%clk 01:21:54]} {[%emt 00:00:44]} 15. dxc5 {[%clk 01:19:26]} {[%emt
00:04:08]} bxc5 {[%clk 01:22:16]} {[%emt 00:00:07]} 16. Qc2 {[%clk 01:16:11]}
{[%emt 00:03:45]} Bxf3 {[%clk 01:19:48]} {[%emt 00:02:59]} 17. gxf3 {[%clk
01:16:21]} {[%emt 00:00:20]} Nd7 {[%clk 01:20:09]} {[%emt 00:00:09]} 18. Be4
{[%clk 01:14:00]} {[%emt 00:02:51]} Rab8 {[%clk 01:18:02]} {[%emt 00:02:36]}
19. f4 {[%clk 01:10:31]} {[%emt 00:04:00]} e5 {[%clk 01:14:40]} {[%emt
00:03:53]} 20. Kh1 {[%clk 00:59:14]} {[%emt 00:11:47]} exf4 {[%clk 01:13:40]}
{[%emt 00:01:30]} 21. exf4 {[%clk 00:59:19]} {[%emt 00:00:24]} Rb4 {[%clk
01:13:45]} {[%emt 00:00:24]} 22. Re3 {[%clk 00:55:17]} {[%emt 00:04:33]} Qf6
{[%clk 01:13:54]} {[%emt 00:00:21]} 23. b3 {[%clk 00:28:43]} {[%emt 00:27:04]}
Qxf4 {[%clk 01:13:04]} {[%emt 00:01:20]} 24. Rfe1 {[%clk 00:25:55]} {[%emt
00:03:18]} Qd6 {[%clk 01:11:59]} {[%emt 00:01:34]} 25. Rg1 {[%clk 00:17:33]}
{[%emt 00:08:54]} Nf6 {[%clk 01:12:07]} {[%emt 00:00:21]} 26. f3 {[%clk
00:16:26]} {[%emt 00:01:37]} Rd4 {[%clk 01:07:13]} {[%emt 00:05:24]} 27. Qg2
{[%clk 00:16:23]} {[%emt 00:00:33]} g5 {[%clk 01:06:16]} {[%emt 00:01:26]} 28.
h4 {[%clk 00:13:02]} {[%emt 00:03:52]} Rd2 {[%clk 01:06:39]} {[%emt 00:00:07]}
29. Re2 {[%clk 00:10:51]} {[%emt 00:02:41]} Qf4 {[%clk 00:53:05]} {[%emt
00:14:03]} 30. hxg5 {[%clk 00:10:13]} {[%emt 00:01:09]} Rxe2 {[%clk 00:53:31]}
{[%emt 00:00:04]} 31. Qxe2 {[%clk 00:09:44]} {[%emt 00:00:59]} hxg5 {[%clk
00:53:52]} {[%emt 00:00:10]} 32. Qh2 {[%clk 00:08:24]} {[%emt 00:01:49]} Qxh2+
{[%clk 00:54:16]} {[%emt 00:00:06]} 33. Kxh2 {[%clk 00:08:51]} {[%emt
00:00:03]} Rd2+ {[%clk 00:54:42]} {[%emt 00:00:04]} 34. Kh3 {[%clk 00:09:03]}
{[%emt 00:00:18]} g4+ {[%clk 00:55:06]} {[%emt 00:00:05]} 35. Kh4 {[%clk
00:08:52]} {[%emt 00:00:42]} Rxa2 {[%clk 00:54:49]} {[%emt 00:00:48]} 36. Bd3
{[%clk 00:04:05]} {[%emt 00:05:17]} a5 {[%clk 00:45:12]} {[%emt 00:10:07]} 37.
Kg5 {[%clk 00:03:01]} {[%emt 00:01:34]} Kg7 {[%clk 00:45:20]} {[%emt 00:00:21]}
38. fxg4 {[%clk 00:02:48]} {[%emt 00:00:44]} Rd2 {[%clk 00:42:46]} {[%emt
00:03:03]} 39. Bc4 {[%clk 00:01:08]} {[%emt 00:02:11]} Rf2 {[%clk 00:42:34]}
{[%emt 00:00:47]} 40. Kh4 {[%clk 00:00:40]} {[%emt 00:00:54]} Ne4 {[%clk
00:42:34]} {[%emt 00:00:29]} 41. g5 {[%clk 00:29:53]} {[%emt 00:01:17]} Nd2
{[%clk 01:11:22]} {[%emt 00:01:42]} 42. Kg3 {[%clk 00:21:30]} {[%emt 00:08:54]}
Rf3+ {[%clk 01:11:22]} {[%emt 00:00:29]} 43. Kg4 {[%clk 00:21:34]} {[%emt
00:00:25]} Rc3 {[%clk 01:11:36]} {[%emt 00:00:15]} 44. Bd5 {[%clk 00:15:03]}
{[%emt 00:07:02]} Rd3 {[%clk 01:12:01]} {[%emt 00:00:05]} 45. Bc4 {[%clk
00:12:28]} {[%emt 00:03:05]} Rd4+ {[%clk 01:12:14]} {[%emt 00:00:17]} 46. Kf5
{[%clk 00:12:34]} {[%emt 00:00:25]} Nf3 {[%clk 01:10:43]} {[%emt 00:02:01]} 47.
Rf1 {[%clk 00:08:03]} {[%emt 00:05:01]} Nh4+ {[%clk 01:11:04]} {[%emt
00:00:10]} 48. Ke5 {[%clk 00:08:06]} {[%emt 00:00:28]} Ng6+ {[%clk 01:11:30]}
{[%emt 00:00:03]} 49. Kf5 {[%clk 00:08:05]} {[%emt 00:00:31]} a4 {[%clk
01:11:57]} {[%emt 00:00:03]} 0-1

[Event "DVM U16 2023"]
[Site "Magdeburg GER"]
[Date "2023.12.29"]
[Round "6"]
[White "Berresheim, Nils"]
[Black "Holzwarth, Felix"]
[Result "1-0"]
[Termination "normal"]
[Board "6.2"]
[WhiteElo "1772"]
[BlackElo "1774"]
[WhiteClock "00:04:19"]
[BlackClock "00:03:27"]
[WhiteTeam "SF Essen-Katernberg 04/32"]
[BlackTeam "SG Porz"]
[PlyCount "71"]
[WhiteFideId "16246306"]
[BlackFideId "34621377"]
[EventCountry "GER"]
[EventRounds "7"]
[EventType "team-swiss"]
[EventDate "2023.12.26"]

1. d4 {[%clk 01:30:46]} {[%emt 00:00:12]} d5 {[%clk 01:30:57]} {[%emt
00:00:04]} 2. c4 {[%clk 01:31:01]} {[%emt 00:00:15]} e6 {[%clk 01:31:23]}
{[%emt 00:00:04]} 3. Nc3 {[%clk 01:31:16]} {[%emt 00:00:15]} Be7 {[%clk
01:31:44]} {[%emt 00:00:11]} 4. cxd5 {[%clk 01:31:28]} {[%emt 00:00:16]} exd5
{[%clk 01:32:08]} {[%emt 00:00:06]} 5. Bf4 {[%clk 01:31:47]} {[%emt 00:00:10]}
Nf6 {[%clk 01:32:18]} {[%emt 00:00:20]} 6. e3 {[%clk 01:31:52]} {[%emt
00:00:25]} Bf5 {[%clk 01:32:40]} {[%emt 00:00:08]} 7. Qb3 {[%clk 01:30:15]}
{[%emt 00:02:07]} Nc6 {[%clk 01:24:07]} {[%emt 00:09:03]} 8. Qxb7 {[%clk
01:16:59]} {[%emt 00:13:46]} Nb4 {[%clk 01:22:51]} {[%emt 00:01:46]} 9. Bb5+
{[%clk 01:09:16]} {[%emt 00:08:13]} Kf8 {[%clk 01:22:26]} {[%emt 00:00:56]} 10.
Rc1 {[%clk 00:59:44]} {[%emt 00:10:01]} a6 {[%clk 01:10:39]} {[%emt 00:12:17]}
11. Be2 {[%clk 00:47:58]} {[%emt 00:12:15]} Nc2+ {[%clk 01:05:45]} {[%emt
00:05:24]} 12. Rxc2 {[%clk 00:37:55]} {[%emt 00:10:33]} Bxc2 {[%clk 01:06:05]}
{[%emt 00:00:10]} 13. Nf3 {[%clk 00:37:29]} {[%emt 00:00:56]} Rb8 {[%clk
01:01:42]} {[%emt 00:04:53]} 14. Qxa6 {[%clk 00:36:27]} {[%emt 00:01:33]} Rxb2
{[%clk 01:01:20]} {[%emt 00:00:50]} 15. O-O {[%clk 00:35:32]} {[%emt 00:01:26]}
Bb4 {[%clk 01:00:21]} {[%emt 00:01:29]} 16. Nb5 {[%clk 00:32:39]} {[%emt
00:03:23]} Ne8 {[%clk 00:46:41]} {[%emt 00:14:09]} 17. Ne5 {[%clk 00:27:41]}
{[%emt 00:05:28]} Bf5 {[%clk 00:35:16]} {[%emt 00:11:53]} 18. Nc6 {[%clk
00:23:07]} {[%emt 00:05:05]} Qc8 {[%clk 00:35:22]} {[%emt 00:00:24]} 19. Qa4
{[%clk 00:20:14]} {[%emt 00:03:23]} Bc2 {[%clk 00:31:30]} {[%emt 00:04:23]} 20.
Qa7 {[%clk 00:18:53]} {[%emt 00:01:51]} Kg8 {[%clk 00:16:16]} {[%emt 00:15:44]}
21. Nxb4 {[%clk 00:14:25]} {[%emt 00:04:57]} Rxb4 {[%clk 00:16:25]} {[%emt
00:00:21]} 22. Qc5 {[%clk 00:14:11]} {[%emt 00:00:43]} Rb2 {[%clk 00:16:40]}
{[%emt 00:00:16]} 23. Na7 {[%clk 00:12:49]} {[%emt 00:01:52]} Qe6 {[%clk
00:13:58]} {[%emt 00:03:12]} 24. Nc6 {[%clk 00:12:09]} {[%emt 00:01:10]} h6
{[%clk 00:13:36]} {[%emt 00:00:52]} 25. Qc3 {[%clk 00:11:17]} {[%emt 00:01:22]}
Rb6 {[%clk 00:13:03]} {[%emt 00:01:03]} 26. Nd8 {[%clk 00:05:19]} {[%emt
00:06:28]} Qd7 {[%clk 00:07:00]} {[%emt 00:06:33]} 27. Qxc2 {[%clk 00:05:45]}
{[%emt 00:00:04]} Qxd8 {[%clk 00:07:02]} {[%emt 00:00:27]} 28. Bf3 {[%clk
00:05:54]} {[%emt 00:00:20]} g6 {[%clk 00:05:38]} {[%emt 00:01:55]} 29. Qc5
{[%clk 00:05:47]} {[%emt 00:00:37]} c6 {[%clk 00:04:06]} {[%emt 00:02:02]} 30.
e4 {[%clk 00:04:39]} {[%emt 00:01:37]} Nf6 {[%clk 00:02:34]} {[%emt 00:02:02]}
31. exd5 {[%clk 00:04:20]} {[%emt 00:00:50]} cxd5 {[%clk 00:02:30]} {[%emt
00:00:35]} 32. Bc7 {[%clk 00:04:31]} {[%emt 00:00:19]} Nd7 {[%emt 00:00:30]}
33. Bxd8 {[%clk 00:04:26]} {[%emt 00:00:33]} Nxc5 {[%clk 00:02:51]} {[%emt
00:00:10]} 34. Bxb6 {[%clk 00:04:48]} {[%emt 00:00:08]} Na4 {[%clk 00:03:14]}
{[%emt 00:00:07]} 35. Bc7 {[%clk 00:04:51]} {[%emt 00:00:26]} Nc3 {[%clk
00:03:27]} {[%emt 00:00:17]} 36. Re1 {[%clk 00:04:19]} {[%emt 00:01:02]} 1-0

[Event "DVM U16 2023"]
[Site "Magdeburg GER"]
[Date "2023.12.29"]
[Round "6"]
[White "Aravindan, Midhulan"]
[Black "Goldkuhle, Collin"]
[Result "1-0"]
[Termination "normal"]
[Board "6.3"]
[WhiteElo "1704"]
[BlackElo "1715"]
[WhiteClock "00:41:33"]
[BlackClock "00:45:31"]
[WhiteTeam "SG Porz"]
[BlackTeam "SF Essen-Katernberg 04/32"]
[PlyCount "75"]
[WhiteFideId "16237250"]
[BlackFideId "16271106"]
[EventCountry "GER"]
[EventRounds "7"]
[EventType "team-swiss"]
[EventDate "2023.12.26"]

1. e4 {[%clk 01:30:58]} {[%emt 00:00:02]} c5 {[%clk 01:30:53]} {[%emt
00:00:07]} 2. c3 {[%clk 01:31:23]} {[%emt 00:00:05]} Nf6 {[%clk 01:31:15]}
{[%emt 00:00:08]} 3. e5 {[%clk 01:31:43]} {[%emt 00:00:11]} Nd5 {[%clk
01:31:41]} {[%emt 00:00:03]} 4. d4 {[%clk 01:32:08]} {[%emt 00:00:05]} cxd4
{[%clk 01:32:03]} {[%emt 00:00:08]} 5. cxd4 {[%clk 01:32:33]} {[%emt 00:00:05]}
e6 {[%clk 01:32:14]} {[%emt 00:00:19]} 6. Nf3 {[%clk 01:32:29]} {[%emt
00:00:34]} Nc6 {[%clk 01:32:31]} {[%emt 00:00:13]} 7. Bc4 {[%clk 01:31:00]}
{[%emt 00:02:00]} d6 {[%clk 01:30:43]} {[%emt 00:02:17]} 8. O-O {[%emt
00:05:19]} Nb6 {[%clk 01:29:53]} 9. Bb5 {[%clk 01:27:01]} {[%emt 00:01:00]} Bd7
{[%clk 01:29:40]} {[%emt 00:00:42]} 10. Nc3 {[%clk 01:22:40]} {[%emt 00:04:52]}
Be7 {[%clk 01:18:49]} {[%emt 00:11:21]} 11. exd6 {[%clk 01:16:00]} {[%emt
00:07:10]} Bxd6 {[%clk 01:19:04]} {[%emt 00:00:15]} 12. Ne4 {[%clk 01:16:18]}
{[%emt 00:00:12]} Be7 {[%clk 01:19:04]} {[%emt 00:00:30]} 13. Bg5 {[%clk
01:16:03]} {[%emt 00:00:45]} Bxg5 {[%clk 01:16:16]} {[%emt 00:03:17]} 14. Nfxg5
{[%clk 01:14:03]} {[%emt 00:02:31]} O-O {[%clk 01:16:03]} {[%emt 00:00:43]} 15.
Nxh7 {[%clk 01:11:44]} {[%emt 00:02:49]} Qh4 {[%clk 01:04:31]} {[%emt
00:12:01]} 16. Nxf8 {[%clk 01:06:32]} {[%emt 00:05:42]} Rxf8 {[%clk 01:04:09]}
{[%emt 00:00:53]} 17. Nc5 {[%clk 00:59:25]} {[%emt 00:07:37]} Bc8 {[%clk
00:59:27]} {[%emt 00:05:11]} 18. Bxc6 {[%clk 00:58:57]} {[%emt 00:00:59]} bxc6
{[%clk 00:59:51]} {[%emt 00:00:05]} 19. Qf3 {[%clk 00:57:14]} {[%emt 00:02:14]}
Nd5 {[%clk 00:58:41]} {[%emt 00:01:40]} 20. Qe4 {[%clk 00:53:06]} {[%emt
00:04:38]} Qe7 {[%clk 00:54:19]} {[%emt 00:04:50]} 21. Rad1 {[%clk 00:51:09]}
{[%emt 00:02:28]} Qc7 {[%clk 00:53:44]} {[%emt 00:01:04]} 22. Rd3 {[%clk
00:48:27]} {[%emt 00:03:14]} Nf6 {[%clk 00:53:27]} {[%emt 00:00:46]} 23. Qh4
{[%clk 00:46:33]} {[%emt 00:02:25]} e5 {[%clk 00:52:48]} {[%emt 00:01:10]} 24.
Rg3 {[%clk 00:45:51]} {[%emt 00:01:12]} Qd6 {[%clk 00:48:10]} {[%emt 00:05:06]}
25. Qg5 {[%clk 00:44:54]} {[%emt 00:01:28]} Ne8 {[%clk 00:47:26]} {[%emt
00:01:13]} 26. Ne4 {[%clk 00:42:30]} {[%emt 00:02:55]} Qe6 {[%clk 00:47:01]}
{[%emt 00:00:54]} 27. dxe5 {[%clk 00:41:38]} {[%emt 00:01:23]} f6 {[%clk
00:45:02]} {[%emt 00:02:29]} 28. Nxf6+ {[%clk 00:39:58]} {[%emt 00:02:10]} Kf7
{[%clk 00:43:43]} {[%emt 00:01:48]} 29. Qh5+ {[%clk 00:39:35]} {[%emt
00:00:54]} Ke7 {[%clk 00:43:52]} {[%emt 00:00:20]} 30. Nxe8 {[%clk 00:39:56]}
{[%emt 00:00:11]} Rxe8 {[%clk 00:43:44]} {[%emt 00:00:37]} 31. Rxg7+ {[%clk
00:40:21]} {[%emt 00:00:05]} Kd8 {[%clk 00:44:10]} {[%emt 00:00:04]} 32. Rd1+
{[%clk 00:40:46]} {[%emt 00:00:05]} Bd7 {[%clk 00:44:24]} {[%emt 00:00:15]} 33.
Rdxd7+ {[%clk 00:40:38]} {[%emt 00:00:38]} Kc8 {[%clk 00:44:47]} {[%emt
00:00:06]} 34. Rc7+ {[%clk 00:40:53]} {[%emt 00:00:16]} Kb8 {[%clk 00:45:07]}
{[%emt 00:00:09]} 35. Rb7+ {[%clk 00:40:28]} {[%emt 00:00:56]} Ka8 {[%clk
00:45:10]} {[%emt 00:00:27]} 36. Rxa7+ {[%clk 00:40:49]} {[%emt 00:00:10]} Kb8
{[%clk 00:45:32]} {[%emt 00:00:08]} 37. Rgb7+ {[%clk 00:41:13]} {[%emt
00:00:06]} Kc8 {[%clk 00:45:31]} {[%emt 00:00:30]} 38. Qh7 {[%clk 00:41:33]}
{[%emt 00:00:11]} 1-0

[Event "DVM U16 2023"]
[Site "Magdeburg GER"]
[Date "2023.12.29"]
[Round "6"]
[White "Klaus, Daniel"]
[Black "Kliffken, Julian"]
[Result "1-0"]
[Termination "normal"]
[Board "6.4"]
[WhiteElo "1337"]
[BlackElo "1468"]
[WhiteClock "00:55:35"]
[BlackClock "00:47:34"]
[WhiteTeam "SF Essen-Katernberg 04/32"]
[BlackTeam "SG Porz"]
[PlyCount "41"]
[WhiteFideId "16286286"]
[BlackFideId "16298071"]
[EventCountry "GER"]
[EventRounds "7"]
[EventType "team-swiss"]
[EventDate "2023.12.26"]

1. e4 {[%clk 01:30:56]} {[%emt 00:00:04]} e6 {[%clk 01:30:55]} {[%emt
00:00:06]} 2. d4 {[%clk 01:31:19]} {[%emt 00:00:07]} d5 {[%clk 01:31:19]}
{[%emt 00:00:05]} 3. Nd2 {[%clk 01:31:40]} {[%emt 00:00:09]} c5 {[%clk
01:31:40]} {[%emt 00:00:10]} 4. exd5 {[%clk 01:31:59]} {[%emt 00:00:11]} Qxd5
{[%clk 01:31:59]} {[%emt 00:00:11]} 5. Ngf3 {[%clk 01:32:19]} {[%emt 00:00:10]}
cxd4 {[%clk 01:32:14]} {[%emt 00:00:15]} 6. Bc4 {[%clk 01:32:35]} {[%emt
00:00:13]} Qd6 {[%clk 01:32:26]} {[%emt 00:00:17]} 7. O-O {[%clk 01:32:47]}
{[%emt 00:00:18]} Nf6 {[%clk 01:32:43]} {[%emt 00:00:14]} 8. Nb3 {[%clk
01:32:57]} {[%emt 00:00:21]} Nc6 {[%clk 01:32:16]} {[%emt 00:00:56]} 9. Nbxd4
{[%clk 01:33:12]} {[%emt 00:00:15]} Nxd4 {[%clk 01:31:31]} {[%emt 00:01:15]}
10. Nxd4 {[%clk 01:33:06]} {[%emt 00:00:35]} a6 {[%clk 01:29:39]} {[%emt
00:02:23]} 11. Re1 {[%clk 01:32:37]} {[%emt 00:00:59]} Be7 {[%clk 01:29:00]}
{[%emt 00:01:08]} 12. Be3 {[%clk 01:27:29]} {[%emt 00:05:38]} O-O {[%clk
01:27:00]} {[%emt 00:02:29]} 13. Qf3 {[%clk 01:26:01]} {[%emt 00:01:58]} Qb4
{[%clk 01:18:22]} {[%emt 00:09:09]} 14. Bb3 {[%clk 01:25:20]} {[%emt 00:01:10]}
Rd8 {[%clk 01:08:31]} {[%emt 00:10:21]} 15. c3 {[%clk 01:24:33]} {[%emt
00:01:18]} Qa5 {[%clk 01:07:38]} {[%emt 00:01:22]} 16. Rad1 {[%clk 01:20:56]}
{[%emt 00:04:08]} Nd5 {[%clk 01:01:09]} {[%emt 00:06:59]} 17. Bc1 {[%clk
01:18:16]} {[%emt 00:03:10]} Qc7 {[%clk 00:55:55]} {[%emt 00:05:44]} 18. Nf5
{[%clk 01:00:51]} {[%emt 00:17:55]} b5 {[%clk 00:49:46]} {[%emt 00:06:39]} 19.
Nxe7+ {[%clk 00:59:29]} {[%emt 00:01:52]} Qxe7 {[%clk 00:47:25]} {[%emt
00:02:50]} 20. Bxd5 {[%clk 00:58:17]} {[%emt 00:01:43]} Rxd5 {[%clk 00:47:34]}
{[%emt 00:00:20]} 21. Qxd5 {[%clk 00:55:35]} {[%emt 00:03:11]} 1-0